000 01146nam a2200337 a 4500
003 AR-BaBNM
005 20251128210719.0
008 082120s2002 ||||||||||||||000 | spa||
020 _a950-557-304-9
040 _cAR-BaBNM
100 1 _aEggen, Paul D.
245 0 0 _aEstrategias docentes
_benseñanza de contenidos curriculares y desarrollo de habilidades de pensamiento
250 _a1ª ed.
260 _aBuenos Aires
_bFondo de Cultura Económica
_c1999
300 _a386 p.
_btablas, gráfs.
500 _aTirada especial para la Red Federal de Formación Docente Continua. Ministerio de Cultura y Educación de la Nación
500 _aContiene referencias bibliográficas, glosario e índice analítico
650 4 _aPROCESO DE APRENDIZAJE
650 4 _aPROCESO DEL PENSAMIENTO
650 4 _aPROCESOS MENTALES SUPERIORES
650 4 _aROL DEL DOCENTE
650 4 _aMETODOS DE ENSEÑANZA
650 4 _aEVALUACION
653 _aCONSTRUCTIVISMO
653 _aESTRATEGIAS DIDACTICAS
653 _aCONTENIDOS CURRICULARES
653 _aCOGNITIVISMO
700 1 _aKauchak, Donald P.
942 _cBK
998 _cRAQUEL
999 _c16566
_d16566